Lições de Química para o 2º ciclo do curso dos liceus

Gespeichert in:
Bibliographische Detailangaben
1. Verfasser: Esteves, F. Sena
Weitere Verfasser: Prudente, José Nunes
Format: keine Angabe
Sprache:Portugiesisch
Erschienen: Porto Domingos Barreira, Liv. Simões Lopes [Depós.] 1948
Katalog:MANES:  Suchergebnis im Bibliothekskatalog
Schulbuchspezifische Eigenschaften:
Tags: Tag hinzufügen
Keine Tags, Fügen Sie den ersten Tag hinzu!
Hinzugefügt zu:26.04.2016
Geändert in:25.04.2025

MARC

LEADER 000000000a22000000004500
001 29784
003 OSt
005 20250425111525.0
008 160427s pt ||||| |||| 00| 0 por d
040 |c centro_manes 
041 1 |a por 
100 1 |a Esteves, F. Sena  |9 16090 
245 0 0 |a Lições de Química para o 2º ciclo do curso dos liceus 
260 3 |a Porto  |b Domingos Barreira, Liv. Simões Lopes [Depós.]  |c 1948 
300 |a 373, [2] p.;  |c 19 cm 
561 |5 pt-BNP  |a Portugal. Biblioteca Nacional de Portugal  |k MANES 
691 |a SE 
690 |a FQ 
700 1 |a Prudente, José Nunes  |9 16091 
942 |2 ddc  |c BK 
546 |a Portugal 
999 |c 31246  |d 31246 
999 |c manes:31246  |d 31246